Cenová konjunktúra svetového ropného trhu

Vplyv amerického dolára na svetový obchod. Obsah ceny ropy. Cena ropy a americký dolár. Cenová konjunktúra svetového ropného trhu. Politické aspekty zmeny cien ropy.

Guardado en:
Detalles Bibliográficos
Autor principal: Glavatskich, Maria
Otros Autores: Mečár, Miroslav
Formato: Capítulo de libro
Lenguaje:eslovaco
Materias:
Etiquetas: Agregar Etiqueta
Sin Etiquetas, Sea el primero en etiquetar este registro!

MARC

LEADER 00000naa$a2200000$$$4500
001 0095563
005 20240502072050.0
041 0 |a slo 
044 |a SK 
245 1 0 |a Cenová konjunktúra svetového ropného trhu  |c Maria Glavatskich, Miroslav Mečár 
520 |a Vplyv amerického dolára na svetový obchod. Obsah ceny ropy. Cena ropy a americký dolár. Cenová konjunktúra svetového ropného trhu. Politické aspekty zmeny cien ropy. 
610 2 0 |a trh 
610 2 0 |a ropa 
610 2 0 |a konjunktúra 
610 2 0 |a politika medzinárodná 
610 2 0 |a dolár 
610 2 0 |a obchod svetový 
100 1 |a Glavatskich, Maria 
700 1 |a Mečár, Miroslav